000 00556nam a2200193Ia 4500
003 GCL
008 140319s9999 xx 000 0 eng d
040 _aGCL /
_cGCL
082 0 4 _a632.1
_bP H
100 1 _aPESSARAKLI, MOHAMMAD
245 1 0 _aHANDBOOL OF PLANT AND CORP STRESS /
_cPESSARAKLI, MOHAMMAD
260 _a[S.N] :
_bMARCEL DEKKER, INC ،
_c1993
300 _a697
650 0 4 _aCORPS: EFFECT OF STRESS ON
650 0 4 _aCORPS: EFFECT OF SALTS ON
650 0 4 _aPLANT - EFFECT OF STRESS
650 0 4 _aPLANT - EFFECT OF SALTS
942 _2ddc
_cBK
999 _c16502
_d16502